000
00381nam a2200145Ia 4500
008
090122s9999 xx 000 0 und d
082
_b
10185
100
_a
मुसळे
_b
गोविंद
245
_a
विसंवाद
600
_a
मुसळे
630
_a
विसंवाद
700
_a
मुसळे
730
_a
विसंवाद
942
_c
BOOK
999
_c
34262
_d
34262